000 00628nam a22001937a 4500
005 20240627111622.0
010 _aENG-140390
020 _c300.00
_a9788195227754
035 _aEN-123922
037 _bDBAD
082 _a613
100 _aBhuyan, Chaturbhuja
_967829
245 _aHealth At Your Command:
_c Chaturbhuja Bhuyan
_bAdopt Regimens, Diet, Sleep, Celibacy For Health/
260 _aBhubaneswar
_blakshmi Prakashans
_c2021
270 _aB-49, Fancy Market, Saheed Nagar,
_bBhubaneswar -751007
300 _a238p.
_c22cm(pbk)
700 _966432
_aBhuyan, Chaturbhuj
942 _2ddc
_cEN
_mBHU
_h613
999 _c203053
_d203053